00298nam a2200133Ia 4500003000400000005001700004008004100021020001500062040000900077100001600086245003500102260001800137260000900155OSt20231107064055.0170524s9999 xx 000 0 und d a8173915083 cIIMT aSinha- P.C. 0aWetland Management Policys Law bKanishka Pub. c1992